Conceptos y prácticas médicas de ruana /

Detalles Bibliográficos
Autor principal: Faust, Franz Xaver (Autor)
Otros Autores: Sodemann, Albert G. (Traductor)
Formato: Electrónico eBook
Lenguaje:español
alemán
Publicado: Popayán, Colombia : Editorial Universidad del Cauca, 2017.
Edición:Primera edición en castellano.
Materias:
Acceso en línea:Digitalia Hispánica

MARC

LEADER 00000nam a2200000 i 4500
001 DIGUCAUCA0122
003 NyNyDIG
006 m o d
007 cr |||||||||||
008 231007s2017 ck a ob 001 0 spa d
035 |a (OCoLC)1253354209 
040 |a DGITA  |b eng  |e rda  |e pn  |c DGITA 
020 |z 9789587322903 
041 1 |a spa  |h ger 
043 |a s-ck--- 
050 1 4 |a GR133.C7 ebook 
100 1 |a Faust, Franz Xaver,  |e author. 
240 1 0 |a Medizinische anschauungen und praktiken der landbevoelkerung im andinen Kolumbien.  |l Spanish  |s (Sodemann) 
245 1 0 |a Conceptos y prácticas médicas de ruana /  |c Franz Xaver Faust ; traducción, Albert G. Sodemann. 
250 |a Primera edición en castellano. 
264 1 |a Popayán, Colombia :  |b Editorial Universidad del Cauca,  |c 2017. 
300 |a 1 online resource :  |b illustrations. 
336 |a text  |b txt  |2 rdacontent 
337 |a computer file  |b c  |2 rdamedia 
338 |a online resource  |b cr  |2 rdacarrier 
347 |a text file  |2 rdaft 
347 |b PDF 
504 |a Includes bibliographical references and Index. 
588 0 |a Online resource; title from PDF title page (Digitalia, viewed October 7, 2023) 
650 0 |a Traditional medicine  |z Colombia. 
650 0 |a Indians of South America  |x Medicine  |z Colombia. 
700 1 |a Sodemann, Albert G.,  |e translator. 
700 1 |i Translation of:  |a Faust, Franz Xaver.  |t Medizinische anschauungen und praktiken der landbevoelkerung im andinen Kolumbien. 
776 0 8 |i Print version:  |a Faust, Franz Xaver.  |s Medizinische anschauungen und praktiken der landbevoelkerung im andinen Kolumbien. Spanish (Sodemann).  |t Conceptos y prácticas médicas de ruana.  |b Primera edición en castellano.  |d Popayán, Colombia : Editorial Universidad del Cauca, 2017  |z 9789587322903 
791 2 |a Digitalia (Firm),  |e distributor. 
793 0 |g Digitalia eBook Collection:  |a Universidad del Cauca 
856 4 0 |3 Digitalia Hispánica  |u https://www.digitaliapublishing.com/a/82791/ 
910 |a Premium collection: 2023